Zazie en el metro /

Guardado en:
書目詳細資料
主要作者: Queneau, Raymond (autor)
其他作者: Sánchez Dragó, Fernando (traducción) (traducción)
格式: 圖書
語言:西班牙语
出版: Madrid, España : Alfaguara, 1978, c1978
叢編:(Alfaguara Literaturas) [s.n.]
主題:
標簽: 添加標簽
沒有標簽, 成為第一個標記此記錄!

MARC

LEADER 00000nam^a2200000^a^4500
001 000163957
005 20250521000000.0
009 20260310100925.581
020 |a 84-204-2203-7 
037 |a Acervo ITESO - Biblioteca 
041 |a ESP 
082 |a 843.  |b QUE 
100 |a Queneau, Raymond  |e (autor) 
240 1 1 |a [Zazie en el metro] 
245 1 0 |a Zazie en el metro /  |c R. Queneau ; tr. por F. Sánchez Dragó. 
264 4 |a Madrid, España :  |b Alfaguara,  |c 1978, c1978 
300 |a 214 p. 
336 |a texto  |b txt  |2 rdacontenido 
337 |a sin mediación  |b n  |2 rdamedio 
338 |a volumen  |b nc  |2 rdasoporte 
440 1 |a (Alfaguara Literaturas) [s.n.] 
500 |a Traducción de: Zazie dans le métro 
649 |a XX 
650 |a Novela Francesa 
650 |a Literatura Francesa -  |y Siglo XX 
650 |a Farsa 
650 |a Niños en la Literatura 
650 |a Mujeres en la Literatura 
650 |a Metro (Transporte Urbano) -  |z París, Francia 
650 |a Modernidad y Posmodernidad 
650 |a Sociedad Postindustrial 
650 |a París, Francia -  |x Descripción 
650 |a París, Francia en el Cine 
700 |a Sánchez Dragó, Fernando  |e (traducción) 
910 |a Fondo Armando Suárez Gómez 
920 |a Impresos - Libros 
930 |a Fondos Especiales 
940 |a Literatura 
905 |a 111 
901 |a 0700005761  |b IT2  |c ESP  |u 20250521 
902 |a https://opac.biblio.iteso.mx/vufind/Record/000163957